000 00795nam a22002297a 4500
003 UA-OsUOA
001 42342
007 ta
008 20061102b un ||||| |||| 00| 0 ukr d
100 _aИсаев М. И.
090 _a81"1
_bИ85
942 _cBK
040 _aUA-OsUOA
_brus
_cUA-OsUOA
_dUA-OsUOA
245 _aСоциолингвистические проблемы языков народов СССР
_bВопросы языковой политики и языкововго строительства
300 _a168 с.
955 _a2
041 _arus
080 _a81"1
260 _aМ.
_bВысшая школа
_c1982
650 7 _a8 Мовознавство. Художня література. Літературознавство
_2UDC
999 _c328475
_d328475